Plus long que l'attente de Bayrou - Mort Subite - Statistiques

Statistiques générales
  • Ce quiz a été pris 2 515 fois
  • Le résultat moyen est 3 sur 8
Answers on the Grid
Answers color-coded by a green-red scale on the quiz's grid according to % correct below.
L'écart entre les deux victoires en coupe du monde de foot de la France.
Le règne d'Élisabeth 2
Le nombres d'années maximum durant lesquelles Harry Kane n'a pas gagné de trophée.
Mitterand président
Le temps pris par Cameron pour réaliser Avatar 2 après la sortie du premier opus.
L'écart d'âge entre Emmanuel et Brigitte Macron
Le nombre d'années de mariage pour célébrer les Noces de Cristal
La vie de Kurt Cobain
Temps qu'a mis Victor Hugo pour écrire les Misérables.
La mission du télescope Hubble
La durée de l'Entre-deux-guerre
Sir Alex Ferguson entraineur de Manchester United.
Le nombre d'année sans interruption durant lesquelles le Parti Liberal-Democrate a été au pouvoir au Japon, après la WW2.
L'ecart entre le premier titre de Nadal à Rolland Garros et le dernier.
La guerre de 30 ans.
Le pays le plus récent du monde.
 
Statistiques - réponses
Réponse % Correct
70 ans Le règne d'Élisabeth 2
95%
24 ans L'écart d'âge entre Emmanuel et Brigitte Macron
44%
27 ans La vie de Kurt Cobain
40%
Le nombres d'années maximum durant lesquelles Harry Kane n'a pas gagné de trophée.
26%
De 1618 à 1648, donc 30 ans pas de piège !! La guerre de 30 ans.
25%
Depuis 1990 donc 34 ans La mission du télescope Hubble
14%
27 ans Sir Alex Ferguson entraineur de Manchester United.
13%
De 1955 à 1993, donc 48 ans Le nombre d'année sans interruption durant lesquelles le Parti Liberal-Democrate a été au pouvoir au Japon, après la WW2.
12%
Aucun quiz correspondant
Distribution des résultats
% des personnes avec chaque résultat
Percentile par nombre de réponses
Votre historique - résultats
Vous n’avez pas pris ce quiz